[Event "Druzynowe Mistrzostwa Polski Juniorow - I Liga 2018"]
[Site "Kudowa-Zdroj"]
[Date "1899-12-30"]
[Round "5.4"]
[White "Eigner, Jerzy"]
[Black "Panek, Bartosz"]
[Result "0-1"]
[WhiteTitle "II+"]
[BlackTitle "I"]
[WhiteElo "1352"]
[BlackElo "1831"]

1. e4 e6 2. d4 d5 3. Bd3 c5 4. exd5 exd5 5. Nf3 c4 6. Be2 Bd6 7. O-O Ne7 8. b3
b5 9. a4 O-O 10. c3 Bd7 11. axb5 Bxb5 12. Na3 Bxa3 13. Bxa3 Nd7 14. Re1 Re8 15.
bxc4 dxc4 16. Ng5 Nd5 17. Qb1 Qxg5 18. Qxb5 N7b6 19. Bf3 Qd8 20. Bb4 a6 21. Qa5
Qd7 22. Bc5 Rxe1+ 23. Rxe1 Re8 24. Rxe8+ Qxe8 25. g3 Qb5 26. Qa1 h6 27. Qe1 a5
28. Qe5 Nf6 29. Qb8+ Kh7 30. Qxb6 Qa4 31. d5 Nxd5 32. Bxd5 Qd1+ 33. Kg2 Qxd5+
34. f3 Qd2+ 35. Bf2 Qxc3 36. Qb1+ Kg8 37. Qd1 Qb4 38. Qd8+ Kh7 39. Qd5 f6 40.
Qe4+ Kg8 41. Be1 Qb3 42. Qa8+ Kh7 43. Qxa5 Qc2+ 44. Bd2 Qd3 45. g4 Qe2+ 46. Kg3
Qf1 47. Be3 Qe2 48. Qf5+ Kh8 49. Bf2 Qf1 50. h4 Qc1 51. h5 c3 0-1

[Event "Druzynowe Mistrzostwa Polski Juniorow - I Liga 2018"]
[Site "Kudowa-Zdroj"]
[Date "1899-12-30"]
[Round "5.5"]
[White "Stebel, Agata"]
[Black "Lascar, Maria Elena"]
[Result "1-0"]
[WhiteTitle "k"]
[BlackTitle "I+"]
[WhiteElo "1859"]
[BlackElo "1604"]

1. e4 c5 2. c3 Qa5 3. d4 cxd4 4. b4 Qb6 5. Nf3 dxc3 6. Nxc3 e6 7. Be3 Qxb4 8. Rc1
Nc6 9. Bd3 a6 10. O-O Nf6 11. Na4 b5 12. Nc5 Qa5 13. Bb1 Be7 14. Qe2 b4 15. Rfd1
h5 16. h3 Qc7 17. e5 Nd5 18. Bd2 Qa7 19. Ne4 Bb7 20. Bd3 Rc8 21. Bc4 Na5 22. Bxd5
Rxc1 23. Rxc1 exd5 24. Nd6+ Kf8 25. Bxb4 Nc6 26. Bc5 Qa8 27. Qd3 Nd8 28. Qf5 g6
29. Qxd7 Bc6 30. Qc7 Be8 31. Nxf7 Bxc5 32. Nxd8 Bb4 33. Ne6+ 1-0

[Event "Druzynowe Mistrzostwa Polski Juniorow - I Liga 2018"]
[Site "Kudowa-Zdroj"]
[Date "1899-12-30"]
[Round "5.6"]
[White "Szachniewicz, Weronika"]
[Black "Bugaj, Hanna"]
[Result "0-1"]
[WhiteTitle "II+"]
[BlackTitle "I"]
[WhiteElo "1057"]
[BlackElo "1356"]

1. d4 Nf6 2. Bg5 d5 3. Nc3 Bf5 4. f3 Nbd7 5. Nxd5 Nxd5 6. e4 h6 7. Bh4 N7b6 8.
exf5 Ne3 9. Qd3 Qxd4 10. Ke2 Qxb2 11. Re1 Rd8 12. Qe4 Rd4 13. Qxb7 Qxc2+ 14. Kxe3
Qd2# 0-1

[Event "Druzynowe Mistrzostwa Polski Juniorow - I Liga 2018"]
[Site "Kudowa-Zdroj"]
[Date "1899-12-30"]
[Round "5.7"]
[White "Teclaf, Pawel"]
[Black "Janiszewski, Filip"]
[Result "1-0"]
[WhiteTitle "CM"]
[BlackTitle "I++"]
[WhiteElo "2399"]
[BlackElo "1953"]

1. e4 c5 2. Nf3 d6 3. d4 cxd4 4. Nxd4 Nf6 5. Nc3 a6 6. Nb3 e6 7. g4 h6 8. Bg2 Be7
9. h4 Nfd7 10. Bf4 Ne5 11. Bg3 Nbc6 12. Qe2 b5 13. O-O-O h5 14. gxh5 Bd7 15. f4
Nc4 16. e5 d5 17. f5 b4 18. Nxd5 exd5 19. Bxd5 Bg5+ 20. hxg5 Qxg5+ 21. Kb1 Ne3
22. e6 Nxd1 23. exd7+ 1-0

[Event "Druzynowe Mistrzostwa Polski Juniorow - I Liga 2018"]
[Site "Kudowa-Zdroj"]
[Date "1899-12-30"]
[Round "5.8"]
[White "Dixa, Oskar"]
[Black "Galuszka, Tomasz"]
[Result "0-1"]
[WhiteTitle "I++"]
[BlackTitle "I+"]
[WhiteElo "1929"]
[BlackElo "1989"]

1. e4 c6 2. d4 d5 3. Nc3 dxe4 4. Nxe4 Bf5 5. Ng3 Bg6 6. h4 h6 7. f4 e6 8. Nf3 Nd7
9. h5 Bh7 10. Bd3 Bxd3 11. Qxd3 Ngf6 12. Bd2 c5 13. O-O-O cxd4 14. Nxd4 Nc5 15.
Qb5+ Qd7 16. Qxd7+ Ncxd7 17. f5 e5 18. Nb3 O-O-O 19. Bc3 Nh7 20. Ne4 Ng5 21. Nbd2
Be7 22. Rhe1 Rhe8 23. Nf3 Nxe4 24. Rxe4 f6 25. Rg4 Bf8 26. Nd2 Nb8 27. Bb4 Bxb4
28. Rxb4 Nc6 29. Rc4 Kb8 30. c3 Ne7 31. Rf1 Nd5 32. Rf2 Nf4 33. Rf3 Nd3+ 34. Kb1
Nxb2 35. Rb4 Rxd2 36. Rxb2 Rxb2+ 37. Kxb2 e4 38. Re3 Kc7 39. Kc2 Kd6 40. Rg3 Re7
41. c4 Ke5 42. Ra3 b6 43. Kd2 Kxf5 44. Rb3 Kg4 45. Rb5 f5 46. a4 f4 47. Ke2 Kg3
48. Rf5 f3+ 49. gxf3 exf3+ 50. Kf1 Rc7 0-1

[Event "Druzynowe Mistrzostwa Polski Juniorow - I Liga 2018"]
[Site "Kudowa-Zdroj"]
[Date "1899-12-30"]
[Round "5.9"]
[White "Adamczyk, Zuzanna"]
[Black "Ochedzan, Tymon"]
[Result "0-1"]
[WhiteTitle "I++"]
[BlackTitle "CM"]
[WhiteElo "1722"]
[BlackElo "1874"]

1. e4 c5 2. Nf3 d6 3. d4 cxd4 4. Nxd4 Nf6 5. Nc3 a6 6. Bg5 e6 7. f4 h6 8. Bh4 Qb6
9. a3 Be7 10. Bf2 Qc7 11. Qf3 Nbd7 12. O-O-O b5 13. g4 Bb7 14. Bg2 g5 15. h4 gxf4
16. g5 Ne5 17. Qxf4 Nfd7 18. Bf3 hxg5 19. hxg5 O-O-O 20. g6 Nxf3 21. Qxf3 Ne5
22. Qg3 Rhg8 23. g7 Bf6 24. Qh3 Bxg7 25. Nd5 Bxd5 26. exd5 Ng4 27. Bh4 Rde8 28.
Rhg1 Bxd4 29. Rxd4 f5 30. dxe6 Qc5 31. Rgd1 Rxe6 32. Qb3 Rge8 33. Bg5 Nf2 34.
Rd5 Qc6 35. Rf1 Re1+ 36. Rxe1 Rxe1+ 37. Kd2 Rd1+ 38. Ke2 Qxd5 39. Qxd5 Rxd5 40.
Kxf2 Kd7 41. Ke3 Ke6 42. b3 Rc5 43. Kd3 Ke5 44. Be3 Rd5+ 45. Ke2 f4 46. Bc1 0-1

[Event "Druzynowe Mistrzostwa Polski Juniorow - I Liga 2018"]
[Site "Kudowa-Zdroj"]
[Date "1899-12-30"]
[Round "5.10"]
[White "Skurniak, Szymon"]
[Black "Dziendziel, Mateusz"]
[Result "1-0"]
[WhiteTitle "I"]
[BlackTitle "II"]
[WhiteElo "1729"]
[BlackElo "1587"]

1. e4 c5 2. Nf3 d6 3. d4 Nf6 4. Nc3 cxd4 5. Nxd4 g6 6. Be3 Bg7 7. f3 Nc6 8. Qd2
O-O 9. g4 Be6 10. Nxe6 fxe6 11. O-O-O Ne5 12. Be2 Qc8 13. h4 Nfd7 14. h5 Nc4 15.
Bxc4 Qxc4 16. hxg6 hxg6 17. f4 Bxc3 18. bxc3 Qxe4 19. Rde1 Kf7 20. f5 Rh8 21.
Bh6 Qxg4 22. fxe6+ Ke8 23. exd7+ Kxd7 24. Qd5 Rab8 25. Qb5+ Kd8 26. Bg5 Rxh1 27.
Rxh1 1-0

[Event "Druzynowe Mistrzostwa Polski Juniorow - I Liga 2018"]
[Site "Kudowa-Zdroj"]
[Date "1899-12-30"]
[Round "5.11"]
[White "Buchta, Agnieszka"]
[Black "Wawrzyniak, Weronika"]
[Result "1-0"]
[WhiteTitle "I++"]
[BlackTitle "I"]
[WhiteElo "1810"]
[BlackElo "1455"]

1. e4 e6 2. d4 d5 3. Nd2 c5 4. exd5 exd5 5. Ngf3 Nf6 6. Bb5+ Bd7 7. Bxd7+ Nbxd7
8. O-O Be7 9. dxc5 Nxc5 10. Nb3 Nce4 11. Ng5 O-O 12. Nxe4 dxe4 13. Qe2 Re8 14.
Re1 Rc8 15. Be3 b6 16. Rad1 Qc7 17. c3 Qc4 18. Qc2 Qc7 19. h3 h6 20. Bd4 Rcd8
21. Re2 Bc5 22. Nxc5 bxc5 23. Bxf6 Rxd1+ 24. Qxd1 gxf6 25. Re3 Re5 26. Qg4+ Kh7
27. Rg3 Rg5 28. Qxe4+ f5 29. Qd3 Rxg3 30. fxg3 Qe5 31. g4 Qe1+ 32. Kh2 Qe5+ 33.
Kg1 Qe1+ 34. Kh2 Qe5+ 35. g3 Kg7 36. gxf5 Qe1 37. Kg2 Qc1 38. Qe2 Kf6 39. Qf2
a6 40. Qe2 a5 41. g4 Qb1 42. b3 Qc1 43. Qd3 Qb2+ 44. Kg3 Qxa2 45. Qd8+ Kg7 46.
f6+ Kg6 47. Qh8 1-0

[Event "Druzynowe Mistrzostwa Polski Juniorow - I Liga 2018"]
[Site "Kudowa-Zdroj"]
[Date "1899-12-30"]
[Round "5.12"]
[White "Barwinska, Ewa"]
[Black "Zniszczol, Wiktoria"]
[Result "1-0"]
[WhiteTitle "I"]
[BlackTitle "I+"]
[WhiteElo "1457"]
[BlackElo "1568"]

1. e4 e5 2. Nf3 d6 3. d4 Nf6 4. Nc3 Nbd7 5. Bc4 Be7 6. h3 c6 7. Bb3 b5 8. a3 Bb7
9. Qe2 a6 10. O-O O-O 11. Be3 Ne8 12. Rad1 Qc7 13. Qd2 Ndf6 14. Qe2 g6 15. Nh2
Nh5 16. Bh6 Neg7 17. Ng4 Kh8 18. dxe5 dxe5 19. Rd2 Bc5 20. Be3 Bxe3 21. Qxe3 Bc8
22. Nh2 Be6 23. Bxe6 Nxe6 24. Rfd1 Nd4 25. Nf3 c5 26. Nd5 Qd6 27. b4 Nxf3+ 28.
Qxf3 c4 29. Nf4 Qf6 30. Nxh5 Qxf3 31. gxf3 gxh5 32. Rd5 Rfe8 33. Kh2 Kg7 34. Kg3
Kf6 35. Rd6+ Re6 36. f4 exf4+ 37. Kxf4 Rxd6 38. Rxd6+ Ke7 39. Rd5 h4 40. Re5+
Kf6 41. Rh5 Kg6 42. Rd5 Kf6 43. Rh5 Kg6 44. Rxh4 h5 45. Ke3 Rd8 46. Rf4 f6 47.
Rf3 h4 48. Ke2 Re8 49. Re3 Kg5 50. Kf3 Re6 51. a4 Re5 52. Ra3 f5 53. exf5 Rxf5+
54. Kg2 Kf4 55. Rf3+ Ke4 56. Rxf5 Kxf5 57. axb5 axb5 58. Kf3 Ke5 59. Ke3 Kf5 60.
Kd4 Kf4 61. Kc5 Kf3 62. Kxb5 Kxf2 63. Kxc4 Kf3 1-0

[Event "Druzynowe Mistrzostwa Polski Juniorow - I Liga 2018"]
[Site "Kudowa-Zdroj"]
[Date "1899-12-30"]
[Round "5.13"]
[White "Golenia, Jan"]
[Black "Janik, Igor"]
[Result "0-1"]
[WhiteTitle "I"]
[BlackTitle "IM"]
[WhiteElo "1986"]
[BlackElo "2420"]

1. f4 Nh6 2. b3 e5 3. fxe5 d6 4. e6 Bxe6 5. Nf3 Be7 6. Bb2 O-O 7. e3 c5 8. Bd3
Nc6 9. O-O f5 10. Na3 Bf6 11. c3 d5 12. Nc2 Nf7 13. Ba3 b6 14. Be2 Nd6 15. b4
Ne4 16. bxc5 bxc5 17. Rb1 Na5 18. Rb5 Rc8 19. Nce1 a6 20. Rb1 Nc4 21. Bxc4 dxc4
22. Qa4 Qd5 23. Rb6 Bd7 24. Qxa6 Ra8 25. Qb7 Qxb7 26. Rxb7 Bc8 27. Bxc5 Bxb7 28.
Bxf8 Kxf8 29. Nd4 g6 30. Nec2 Nxd2 31. Rd1 Ne4 32. Rb1 Bd5 33. Rb5 Nxc3 34. Rc5
Rxa2 0-1

[Event "Druzynowe Mistrzostwa Polski Juniorow - I Liga 2018"]
[Site "Kudowa-Zdroj"]
[Date "1899-12-30"]
[Round "5.14"]
[White "Czechowski, Jakub"]
[Black "Golenia, Wojciech"]
[Result "0-1"]
[WhiteTitle "I"]
[BlackTitle "I++"]
[WhiteElo "1880"]
[BlackElo "1984"]

1. d4 d5 2. c4 e6 3. Nc3 c5 4. cxd5 exd5 5. Nf3 Nc6 6. g3 Nf6 7. Bg2 Be7 8. h3
h6 9. O-O O-O 10. dxc5 Bxc5 11. Na4 Ne4 12. Nxc5 Nxc5 13. Be3 Ne4 14. Rc1 Re8
15. Bd4 Bf5 16. b3 Ng5 17. Nxg5 Qxg5 18. Bb2 Be4 19. Rc5 Qe7 20. Ba3 Bxg2 21.
Kxg2 Qxe2 22. Rxd5 Qxa2 23. Bc1 Rad8 24. Rxd8 Rxd8 25. Qg4 h5 26. Qxh5 Qxb3 27.
Be3 Qe6 28. Rd1 Rxd1 29. Qxd1 a6 30. h4 b5 31. Qd3 Ne5 32. Qd8+ Kh7 33. Qa8 Nc4
34. Bf4 a5 35. Qb7 b4 36. Qf3 f5 37. Qh5+ Kg8 38. Qg5 b3 39. h5 Qf6 0-1

[Event "Druzynowe Mistrzostwa Polski Juniorow - I Liga 2018"]
[Site "Kudowa-Zdroj"]
[Date "1899-12-30"]
[Round "5.15"]
[White "Wrona, Florian"]
[Black "Dzida, Kamil"]
[Result "0-1"]
[WhiteTitle "I"]
[BlackTitle "I++"]
[WhiteElo "1660"]
[BlackElo "1854"]

1. e4 c5 2. Nf3 d6 3. d4 cxd4 4. Nxd4 Nf6 5. Nc3 a6 6. Be3 e6 7. f3 b5 8. Qd2 Nbd7
9. O-O-O Nb6 10. b3 Bb7 11. h4 Rc8 12. Kb1 Nfd7 13. g4 b4 14. Nce2 d5 15. Bg2
dxe4 16. fxe4 Qc7 17. h5 Nc5 18. Rc1 Bxe4 19. Bxe4 Nxe4 20. Qe1 Nd5 21. Bd2 Bc5
22. Rh3 O-O 23. g5 Rfd8 24. c3 bxc3 25. Nxc3 Nexc3+ 26. Bxc3 Bxd4 27. Bxd4 Qxc1+
28. Qxc1 Rxc1+ 29. Kxc1 Nf4 30. Rh4 Ne2+ 31. Kb2 Nxd4 32. a4 Kf8 33. Kc3 e5 34.
Re4 f6 35. h6 Kf7 36. g6+ Kxg6 37. hxg7 Kxg7 38. Kc4 Kf7 39. b4 Ke6 40. Kc5 Nb3+
41. Kb6 Rd4 42. Rxd4 exd4 43. Kxa6 d3 44. b5 d2 45. b6 d1=Q 46. b7 Qd8 47. Ka7
Qa5+ 48. Kb8 Kd6 49. Kc8 Qc7# 0-1

[Event "Druzynowe Mistrzostwa Polski Juniorow - I Liga 2018"]
[Site "Kudowa-Zdroj"]
[Date "1899-12-30"]
[Round "5.16"]
[White "Koziorowicz, Michal"]
[Black "Knapik, Kamil"]
[Result "1-0"]
[WhiteTitle "I"]
[BlackTitle "II"]
[WhiteElo "1692"]
[BlackElo "1479"]

1. e4 c5 2. Nf3 Nc6 3. d4 cxd4 4. Nxd4 e5 5. Nb5 d6 6. N1c3 a6 7. Na3 b5 8. Nd5
Be6 9. c4 Bxd5 10. exd5 b4 11. Nc2 Nb8 12. Nxb4 a5 13. Nc2 Nf6 14. g3 Be7 15.
Bg2 Nbd7 16. Be3 Rc8 17. Qe2 Nb6 18. Na3 O-O 19. O-O Nfd7 20. b3 f5 21. Bh3 Nc5
22. Nb5 Nbd7 23. Na7 Ra8 24. Nc6 Qe8 25. Bxc5 Nxc5 26. Nxa5 Rxa5 27. b4 Ra6 28.
bxc5 dxc5 29. Rab1 Bd6 30. Rb7 Qa4 31. Qh5 Ra7 32. Bxf5 h6 33. Rxa7 Qxa7 34. Qg6
Qxa2 35. Qh7+ Kf7 36. Bg6+ Kf6 37. Bh5 Qa6 38. Rb1 e4 39. Qg6+ Ke5 40. Qxg7+ Rf6
41. f4+ Kd4 42. Qxf6+ Kxc4 43. Be2+ 1-0

[Event "Druzynowe Mistrzostwa Polski Juniorow - I Liga 2018"]
[Site "Kudowa-Zdroj"]
[Date "1899-12-30"]
[Round "5.17"]
[White "Budkiewicz, Magdalena"]
[Black "Raczykowska, Paulina"]
[Result "0-1"]
[WhiteTitle "I++"]
[BlackTitle "k"]
[WhiteElo "1774"]
[BlackElo "1890"]

1. e4 e5 2. Nf3 Nc6 3. Bb5 a6 4. Ba4 Nf6 5. O-O Be7 6. Re1 b5 7. Bb3 d6 8. c3 O-O
9. h3 Na5 10. Bc2 c5 11. d4 Nd7 12. Nbd2 exd4 13. cxd4 Nc6 14. Nf1 cxd4 15. Nxd4
Nxd4 16. Qxd4 Nc5 17. Rb1 Bb7 18. b4 Ne6 19. Qd3 Rc8 20. Bb3 Bf6 21. Bb2 Nf4 22.
Qd2 Bxb2 23. Rxb2 Qf6 24. Ng3 Nd3 25. Qxd3 Qxb2 26. Qxd6 Rc1 27. Rxc1 Qxc1+ 28.
Kh2 Qc6 29. Qf4 Bc8 30. Bd5 Qb6 31. f3 Be6 32. Kh1 Bxd5 33. exd5 Rd8 34. Nf5 Qf6
35. Qe4 g6 36. Ne3 Kf8 37. Ng4 Qd6 38. Qd4 Qxd5 39. Qh8+ Ke7 40. Qf6+ Kf8 41.
Qh8+ Ke7 42. Qf6+ Kd7 43. f4 Qe6 44. Qd4+ Ke7 45. Qc5+ Qd6 46. Qg5+ Kf8 47. Qh6+
Kg8 48. f5 Re8 49. Qh4 Kg7 50. Qh6+ Kh8 51. Qh4 Re4 52. f6 g5 53. Qf2 Qf4 54.
Kg1 Qxf2+ 55. Kxf2 h5 56. Ne3 Rxb4 57. Nd5 Rd4 58. Nc7 Rd6 0-1

[Event "Druzynowe Mistrzostwa Polski Juniorow - I Liga 2018"]
[Site "Kudowa-Zdroj"]
[Date "1899-12-30"]
[Round "5.18"]
[White "Siekanska, Maria"]
[Black "Slusarczyk, Anna"]
[Result "1-0"]
[WhiteTitle "I+"]
[BlackTitle "II+"]
[WhiteElo "1306"]
[BlackElo "1078"]

1. d4 d5 2. c4 c6 3. cxd5 cxd5 4. Nc3 Nf6 5. Bf4 Qb6 6. a3 Nc6 7. e3 Bf5 8. Na4
Qd8 9. Nc5 Qb6 10. Na4 Qd8 11. Rc1 e6 12. Qb3 Qd7 13. Bb5 Be7 14. Nf3 Bd6 15.
Bxd6 Qxd6 16. Nc5 b6 17. Nxe6 Rc8 18. Nxg7+ Kf8 19. Nxf5 Qe6 20. Ng3 Na5 21. Rxc8+
Qxc8 22. Qb4+ Kg7 23. O-O Rf8 24. Bd3 Kg8 25. Qd6 Qe6 26. Qf4 Ne8 27. Ng5 Qd6
28. Nxh7 Qxf4 29. exf4 Nd6 30. Nxf8 Kxf8 31. Nf5 Nxf5 32. Bxf5 Nc4 33. b3 Nd2
34. Bc2 Nxf1 35. Kxf1 Ke7 36. g4 f6 37. f5 a5 38. f4 Kf7 39. g5 Kg7 40. b4 axb4
41. axb4 Kf7 42. Bb3 Kg7 43. Bxd5 b5 44. Bc6 Kf7 45. g6+ Kg7 46. d5 Kf8 47. d6
Kg8 48. d7 Kf8 49. d8=Q+ Kg7 50. Qe7+ 1-0

[Event "Druzynowe Mistrzostwa Polski Juniorow - I Liga 2018"]
[Site "Kudowa-Zdroj"]
[Date "1899-12-30"]
[Round "5.19"]
[White "Brozyna, Mateusz"]
[Black "Raczynski, Krzysztof"]
[Result "1/2-1/2"]
[WhiteTitle "k"]
[BlackTitle "k+"]
[WhiteElo "2098"]
[BlackElo "2096"]

1. d4 d6 2. e4 Nf6 3. Nc3 e5 4. Nf3 Nbd7 5. Bc4 Be7 6. O-O O-O 7. a4 a5 8. h3 c6
9. Ba2 exd4 10. Nxd4 Nc5 11. Qf3 Qb6 12. Nb3 Nxb3 13. Bxb3 Be6 14. Be3 Qc7 15.
Ba2 Rad8 16. Qg3 Qd7 17. Bb6 Ra8 18. e5 dxe5 19. Rfd1 Qe8 20. Bxe6 fxe6 21. Qxe5
Qf7 22. Re1 Nd7 23. Qe3 Bb4 24. Re2 Ra6 25. Bc7 Bc5 26. Qxe6 Qxe6 27. Rxe6 Bxf2+
28. Kh1 Nf6 29. Rd1 Raa8 30. Re5 Bg3 31. Re7 Bxc7 32. Rxc7 Rf7 33. Rxf7 1/2-1/2

[Event "Druzynowe Mistrzostwa Polski Juniorow - I Liga 2018"]
[Site "Kudowa-Zdroj"]
[Date "1899-12-30"]
[Round "5.20"]
[White "Butyrowski, Marcel"]
[Black "Pietrzak, Tomasz"]
[Result "1-0"]
[WhiteTitle "I+"]
[BlackTitle "II"]
[WhiteElo "1725"]
[BlackElo "1617"]

1. d4 d5 2. c4 e6 3. Nc3 Be7 4. e3 Nf6 5. Nf3 O-O 6. Qc2 Nbd7 7. b3 c6 8. Bb2 a6
9. a4 Qc7 10. Be2 b6 11. O-O Bb7 12. Rfd1 Rfd8 13. Rac1 Nf8 14. e4 dxe4 15. Nxe4
Qf4 16. Nxf6+ Bxf6 17. g3 Qb8 18. b4 a5 19. b5 c5 20. dxc5 Bxb2 21. Qxb2 bxc5
22. Rxd8 Qxd8 23. Rd1 Qe7 24. Qd2 f6 25. Qd6 Kf7 26. Qb6 Be4 27. Ne1 Nd7 28. Qc7
Ne5 29. Qxe7+ Kxe7 30. f3 Bb7 31. Kf2 Nd7 32. Nd3 Rc8 33. Nc1 Ra8 34. Nb3 Ke8
35. Bd3 h6 36. Re1 Kf7 37. f4 Ra7 38. Be2 Be4 39. Bh5+ g6 40. Rxe4 gxh5 41. Kg2
f5 42. Re2 Ra8 43. Kh3 Ra7 44. Kh4 Ra8 45. Kxh5 Nf6+ 46. Kh4 Ne4 47. Re3 Ra7 48.
Rd3 Ke7 49. Kh5 Ra8 50. h3 Nf6+ 51. Kh4 Ne4 52. g4 Ra7 53. gxf5 exf5 54. Rd5 Nc3
55. Re5+ Kd6 56. Nxc5 Rc7 57. b6 Rc8 58. Na6 Kc6 59. Rc5+ Kb7 60. Rxc8 Kxc8 61.
Nc5 Ne2 62. Nb3 Nxf4 63. Nxa5 Nd3 64. Nb3 Nb2 65. c5 Nxa4 66. Kg3 Kd7 67. Kf4
Nc3 68. Kxf5 Ne2 69. h4 h5 70. Kg5 Ng3 71. Kg6 Kc8 72. c6 Kb8 73. Nc5 Kc8 74.
Na6 1-0

[Event "Druzynowe Mistrzostwa Polski Juniorow - I Liga 2018"]
[Site "Kudowa-Zdroj"]
[Date "1899-12-30"]
[Round "5.21"]
[White "Suder, Jakub"]
[Black "Wojdak, Jan"]
[Result "0-1"]
[WhiteTitle "I+"]
[BlackTitle "I"]
[WhiteElo "1837"]
[BlackElo "1754"]

1. d4 d5 2. Bf4 c6 3. e3 Qb6 4. Qc1 Bf5 5. c4 e6 6. Nc3 Nf6 7. c5 Qd8 8. Nf3 b6
9. b4 Ne4 10. Nxe4 Bxe4 11. Nd2 Bf5 12. Be2 a5 13. b5 bxc5 14. dxc5 f6 15. Qc3
Qd7 16. Bxb8 Rxb8 17. a4 Qc7 18. O-O cxb5 19. Bxb5+ Kf7 20. e4 dxe4 21. Nb3 Be7
22. Rac1 Rbc8 23. c6 Bd6 24. h3 Bb4 25. Qc4 Qe5 26. Rfd1 Bd6 27. g3 Bxh3 28. Qd4
Rhd8 29. Qxe5 Bxe5 30. Rxd8 Rxd8 31. Ba6 Bc7 32. Nc5 e5 33. Bc4+ Ke7 34. Na6 Rc8
35. Bd5 Be6 36. Bxe4 f5 37. Bd3 e4 38. Bb5 Bd5 39. Rd1 Be6 40. Nc5 Rd8 41. Rxd8
Bxd8 42. Nxe6 Kxe6 43. Kf1 g5 44. g4 fxg4 45. Bc4+ Ke5 46. Bf7 Kf4 47. Kg2 g3
48. fxg3+ Ke3 49. Bh5 Kd2 50. Kf1 Bc7 51. Kg2 e3 52. Kf1 Bxg3 53. Be2 Bc7 54.
Bg4 Kc3 55. Bd1 Kd3 56. Be2+ Ke4 57. Kg2 Kf4 58. Kh3 h6 59. Bd1 Ke4 60. Be2 Kd5
61. Kg4 Kxc6 62. Kf3 Bf4 63. Kg2 Kc5 64. Bg4 Kd4 65. Kf1 Bd6 66. Be2 Kc3 67. Bh5
Kb4 68. Ke2 Kxa4 69. Kxe3 Kb4 70. Ke4 Kc3 71. Kd5 Bf4 72. Bd1 Kd2 73. Bh5 a4 74.
Kc4 a3 75. Kb3 Bd6 0-1

[Event "Druzynowe Mistrzostwa Polski Juniorow - I Liga 2018"]
[Site "Kudowa-Zdroj"]
[Date "1899-12-30"]
[Round "5.22"]
[White "Lewandowski, Witold"]
[Black "Dziewonski, Dariusz"]
[Result "0-1"]
[WhiteTitle "II+"]
[BlackTitle "I"]
[WhiteElo "1444"]
[BlackElo "1733"]

1. e4 c5 2. Nf3 d6 3. d4 cxd4 4. Nxd4 Nf6 5. Nc3 g6 6. f3 Bg7 7. Be3 O-O 8. Qd2
Nc6 9. Bc4 Bd7 10. O-O-O Rc8 11. Bb3 Ne5 12. h4 h5 13. Bg5 Rc5 14. Kb1 b5 15.
g4 hxg4 16. h5 Nxh5 17. Nd5 Re8 18. Rxh5 gxh5 19. Qh2 Kf8 20. Qxh5 f6 21. Bh6
e6 22. Rh1 exd5 23. Bxg7+ Kxg7 24. Qh7+ Kf8 25. Bxd5 Rxd5 26. exd5 Nf7 27. Qg6
Re5 28. f4 Re3 29. f5 Rh3 30. Rxh3 gxh3 31. Ne6+ Bxe6 32. dxe6 Qe7 33. Qh7 h2
34. Qxh2 Kg7 35. Qg3+ Ng5 36. Qh4 Qe8 37. b3 a6 38. Qg3 Qe7 39. Qh4 Qe8 40. Qg3
Qe7 41. Qh4 Nxe6 42. fxe6 Qxe6 43. Qg3+ Kf7 44. Qh4 Qe5 45. Qh7+ Ke6 46. Qg8+
Kd7 47. Qg7+ Qe7 48. Qg4+ Qe6 49. Qg7+ Kc6 50. Qg2+ d5 51. Qf2 f5 52. Qa7 Qc8
53. Qf7 Kd6 54. Qf6+ Qe6 55. Qf8+ Ke5 56. Qh8+ Qf6 57. Qb8+ Ke4 58. Qe8+ Kd4 59.
Qe2 f4 60. c3+ Kc5 61. Qf2+ Kd6 62. Qf3 Qf5+ 63. Kc1 Qe4 64. Qh5 f3 65. Qh6+ Ke5
66. Qg5+ Qf5 67. Qe3+ Kf6 68. Qh6+ Kf7 69. Qh1 f2 70. Qf1 Qf3 71. Kd2 Kf6 72.
a4 Kf5 73. Kc2 Qe4+ 74. Kd2 Qf3 75. Kc2 Kf4 76. a5 Kg3 77. Kd2 Qg2 78. Ke2 Qxf1+
79. Kxf1 Kf3 0-1

[Event "Druzynowe Mistrzostwa Polski Juniorow - I Liga 2018"]
[Site "Kudowa-Zdroj"]
[Date "1899-12-30"]
[Round "5.23"]
[White "Mazanowska, Aniela"]
[Black "Szelag, Zuzanna"]
[Result "0-1"]
[WhiteTitle "II"]
[BlackTitle "I++"]
[WhiteElo "1313"]
[BlackElo "1767"]

1. e4 c5 2. Nf3 d6 3. d4 cxd4 4. Nxd4 Nf6 5. Nc3 a6 6. Bc4 e6 7. O-O b5 8. Bb3
Be7 9. Qf3 Qc7 10. Qg3 O-O 11. Bh6 Ne8 12. Rad1 Bf6 13. f4 Qc5 14. Nce2 Kh8 15.
Bg5 Bxd4+ 16. Nxd4 f6 17. Kh1 e5 18. fxe5 dxe5 19. Be6 exd4 20. Bxc8 Qxc8 21.
Qa3 Rg8 22. Bh4 Nc6 23. e5 Nxe5 24. Rxd4 Qxc2 25. h3 Qc6 26. Bg3 Nc4 27. Qc3 Rc8
28. Rc1 Qb7 29. b3 Ncd6 30. Qe1 Rxc1 31. Qxc1 Nf5 32. Rd3 Nxg3+ 33. Rxg3 Nd6 34.
Qf4 Qd5 35. Re3 Nf5 36. Re1 Qd3 37. Qc7 Qg3 38. Qa5 h6 39. Qd2 Qd6 40. Qc2 Ng3+
41. Kg1 f5 42. Qf2 Rd8 43. Qc2 Qd2 44. Re8+ Kh7 45. Rxd8 Qxc2 46. Ra8 Qxa2 0-1

[Event "Druzynowe Mistrzostwa Polski Juniorow - I Liga 2018"]
[Site "Kudowa-Zdroj"]
[Date "1899-12-30"]
[Round "5.24"]
[White "Nowak, Roksana"]
[Black "Czarnecka, Lidia"]
[Result "0-1"]
[WhiteTitle "I"]
[BlackTitle "I++"]
[WhiteElo "1372"]
[BlackElo "1767"]

1. d4 d5 2. c4 e6 3. Nc3 Nf6 4. cxd5 exd5 5. Bg5 Nbd7 6. e3 c6 7. Bd3 Be7 8. Qc2
O-O 9. Nge2 h6 10. Bh4 Re8 11. O-O Ne4 12. Bxe7 Qxe7 13. Rae1 Nf8 14. f3 Nxc3
15. Nxc3 Qf6 16. Qf2 Ne6 17. Re2 Bd7 18. Rd1 Re7 19. Bc2 Rae8 20. e4 Nf4 21. Ree1
h5 22. e5 Qg5 23. Qg3 Qh6 24. h4 f6 25. exf6 Rxe1+ 26. Rxe1 Rxe1+ 27. Qxe1 Qxf6
28. Qf2 Bf5 29. Bxf5 Qxf5 30. Qg3 Kf7 31. Qf2 Qd3 32. a3 Ne6 33. Ne2 Qb1+ 34.
Kh2 Qxb2 35. Qe3 Qc2 36. Ng3 g6 37. f4 c5 38. dxc5 d4 39. Qe1 Qxc5 40. Qb1 Qe7
41. Kg1 Qxh4 42. Qxb7+ Qe7 43. Qb3 Qc5 44. Kh2 Qc3 45. Qb7+ Qc7 46. Qe4 Qxf4 47.
Qb7+ Qc7 48. Qf3+ Kg7 49. Kh1 Qc1+ 50. Nf1 Qf4 51. Qb7+ Kh6 52. Qb1 Nc5 53. Kg1
Ne4 54. Qc2 Nd6 55. Qc7 d3 56. Qxa7 d2 57. Nxd2 Qxd2 58. a4 Nc4 59. Qc5 Qe1+ 60.
Kh2 Qe5+ 0-1

[Event "Druzynowe Mistrzostwa Polski Juniorow - I Liga 2018"]
[Site "Kudowa-Zdroj"]
[Date "1899-12-30"]
[Round "5.25"]
[White "Woloch, Oskar"]
[Black "Fus, Jakub"]
[Result "0-1"]
[WhiteTitle "k"]
[BlackTitle "k"]
[WhiteElo "2137"]
[BlackElo "2195"]

1. d4 Nf6 2. Nc3 d5 3. Bf4 a6 4. e3 e6 5. Nf3 c5 6. a3 Nc6 7. h3 b5 8. dxc5 Bxc5
9. Bd3 O-O 10. Qe2 b4 11. axb4 Nxb4 12. O-O Bb7 13. Ne5 Bd6 14. Ra4 Qe7 15. Bh2
Rfd8 16. f4 Bc5 17. Na2 Nxd3 18. Qxd3 Nd7 19. f5 exf5 20. Rxf5 f6 21. Ng4 g6 22.
Rf3 f5 23. Nh6+ Kg7 24. Bf4 Ne5 25. Nxf5+ gxf5 26. Rg3+ Ng6 27. h4 Kh8 28. Qc3+
d4 29. exd4 Ba7 30. Bg5 Qf7 31. h5 Ne5 32. Be3 f4 33. Qa5 Nc6 34. Qc3 fxg3 35.
h6 Bxd4 0-1

[Event "Druzynowe Mistrzostwa Polski Juniorow - I Liga 2018"]
[Site "Kudowa-Zdroj"]
[Date "1899-12-30"]
[Round "5.26"]
[White "Jarzebowski, Kacper"]
[Black "Lambrecht, Tomasz"]
[Result "1-0"]
[WhiteTitle "I++"]
[BlackTitle "II"]
[WhiteElo "1969"]
[BlackElo "1544"]

1. d3 d5 2. Nf3 c5 3. e4 dxe4 4. dxe4 Qxd1+ 5. Kxd1 Bg4 6. Be3 e6 7. Nbd2 Nc6 8.
c3 O-O-O 9. Kc2 f6 10. a4 a5 11. Bc4 e5 12. h3 Bd7 13. g4 b6 14. Bb5 Kc7 15. Nc4
Nge7 16. Nh4 g5 17. Ng2 Bg7 18. f3 Be6 19. Bf2 Nc8 20. Nge3 Nd6 21. Nxd6 Rxd6
22. Rad1 Rhd8 23. Rxd6 Rxd6 24. Bc4 Bxc4 25. Nxc4 Rd7 26. h4 h6 27. hxg5 fxg5
28. Bg3 Re7 29. Ne3 Rf7 30. Nf5 Bf8 31. Kd3 Kb7 32. Ke2 Kc7 33. Rh2 Rf6 34. Kd3
Re6 35. Kc4 Ne7 36. Re2 Kc6 37. Rd2 Kc7 38. Rd1 Nc6 39. Ne3 Ne7 40. Re1 Kc6 41.
Nf5 Nc8 42. b3 Nd6+ 43. Kd3 Nf7 44. Rc1 Re8 45. b4 Ra8 46. b5+ Kd7 47. Ne3 Ke6
48. Nc4 Rb8 49. Ke2 Be7 50. Rd1 Bf6 51. Rd5 Rb7 52. Kd3 Rb8 53. Bh2 Rb7 54. Kc2
Rb8 55. Bg3 Rb7 56. Kd3 Rb8 57. Bf2 Be7 58. Nxe5 Nxe5+ 59. Rxe5+ Kf6 60. Rd5 Ke6
61. Bg3 Rb7 62. c4 Ra7 63. Ke3 Rb7 64. f4 gxf4+ 65. Bxf4 Bf8 66. Rd8 Kf7 67. Rb8
1-0

[Event "Druzynowe Mistrzostwa Polski Juniorow - I Liga 2018"]
[Site "Kudowa-Zdroj"]
[Date "1899-12-30"]
[Round "5.28"]
[White "Wolski, Michal"]
[Black "Musin, Pawel"]
[Result "0-1"]
[WhiteTitle "II"]
[BlackTitle "II"]
[WhiteElo "1385"]
[BlackElo "1202"]

1. e4 e5 2. Nf3 Nf6 3. Nxe5 d6 4. Nf3 Nxe4 5. Nc3 Nf6 6. d4 Bg4 7. Be2 Be7 8. O-O
O-O 9. Bf4 Nbd7 10. Re1 h6 11. Qd2 Nh7 12. Rad1 Rb8 13. Nd5 Re8 14. Ne3 Bxf3 15.
Bxf3 Bg5 16. Nd5 c6 17. Rxe8+ Qxe8 18. Re1 Qd8 19. Bxg5 Nxg5 20. Ne7+ Kh8 21.
Qf4 Nf6 22. Nf5 Qa5 23. Rd1 Re8 24. c3 Qa4 25. b3 Qxa2 26. Nxh6 Qxb3 27. Qxg5
Qxd1+ 28. Bxd1 Re1# 0-1